00401nam a2200169Ia 4500008004100000020001800041245003300059245001700092260001500109260001600124260000900140300001600149300002500165300001100190440002200201500000800223170705s9999 xx 000 0 und d a9780007351053 4aThe picture of Dorian Gray / cOscar Wilde. aNew York : bScholastic, c2010 a252 pages : bcolor illustration ; c18cm.  aCollins classics. a920